| 000 | 00541nam a2200193 a 4500 | ||
|---|---|---|---|
| 001 | sa 68009374 | ||
| 003 | DLC | ||
| 005 | 20260227112542.0 | ||
| 008 | 970822s1952 ii a 000 0 pan | ||
| 010 | _asa 68009374 | ||
| 040 |
_aDLC _cDLC |
||
| 050 | 0 | 0 |
_aPK2659.R83 _bM3 |
| 100 | 1 | 0 |
_aRūpa, Harindara Siṅgha, _d1907-1954. |
| 245 | 1 | 0 |
_aManukha dī wāra / _cHarindara Siṅgha Rūpa. |
| 260 |
_aAmmritasara : _bSikha Pablishiṅgha Hāusa, _c[1952] |
||
| 300 |
_a108 p. : _bill. ; _c19 cm. |
||
| 500 | _aPoems. | ||
| 546 | _aIn Panjabi. | ||
| 999 |
_c82891 _d82891 |
||